AUGMENTATIVE & ALTRNATIVE COMMUNICATION (Record no. 23455)

MARC details
000 -LEADER
fixed length control field 00421nam a22001697a 4500
003 - CONTROL NUMBER IDENTIFIER
control field SGT
020 ## - INTERNATIONAL STANDARD BOOK NUMBER
International Standard Book Number 9781681253039
082 ## - DEWEY DECIMAL CLASSIFICATION NUMBER
Classification number 616.85
Item number A20B
100 ## - MAIN ENTRY--PERSONAL NAME
Personal name BEUKELMAN, DAVID R.
245 ## - TITLE STATEMENT
Title AUGMENTATIVE & ALTRNATIVE COMMUNICATION
250 ## - EDITION STATEMENT
Edition statement 5TH
260 ## - PUBLICATION, DISTRIBUTION, ETC. (IMPRINT)
Place of publication, distribution, etc BALTIMORE, USA
Name of publisher, distributor, etc PLURAL PUB
Year of Publication 2020
300 ## - PAGE DESCRIPTION
No. of Pages 686
650 ## - SUBJECT ADDED ENTRY--TOPICAL TERM
Topical term or geographic name as entry element AUDIOLOGY
653 ## - KEYWORDS--INDEX TERM
Keyword term AUGMENTATIVE & ALTRNATIVE COMMUNICATION
942 ## - ADDED ENTRY ELEMENTS (KOHA)
Source of classification or shelving scheme Dewey Decimal Classification
Koha item type Books
Holdings
Withdrawn status Lost status Source of classification or shelving scheme Damaged status Not for loan Collection code Home library Current library Shelving location Date acquired Vendor Name Cost, normal purchase price SGTU Bill Number Total Checkouts Full call number Accession No. (Barcode) Date last seen Bill Date Koha item type
    Dewey Decimal Classification   Not For Loan MEDICAL SGT Medical Library SGT Medical Library Reference Book 21/11/2022 ADWELL BOOK COMPNY 7439.00 SGTU 1757   616.85 A20B FM13410 21/11/2022 26/09/2022 Books